| 000 | 00552 a2200169 4500 | ||
|---|---|---|---|
| 001 | ART_49751 | ||
| 005 | 20260410161936.0 | ||
| 008 | 260409a | ||
| 245 | 1 | 0 | _aLa coyuntura económica |
| 100 | 1 | _aAlemann, Roberto T. | |
| 700 | 1 | _aAlsogaray, Alvaro Carlos | |
| 700 | 1 | _aBunge, César A. | |
| 700 | 1 | _aKrieger Vasena, Adalbert | |
| 700 | 1 | _aLicciardo, Cayetano Antonio | |
| 700 | 1 | _aMoyano Llerena, Carlos | |
| 773 | 0 |
_tAnales de la Academia Nacional de Ciencias Económicas _g- Vol. XXXI, (1986) (ene./dic. 1986) _wREV25596 |
|
| 999 |
_c29059 _d29059 |
||